| 000 | 00486nam a2200169Ia 4500 | ||
|---|---|---|---|
| 003 | GCL | ||
| 008 | 140319s9999 xx 000 0 ara d | ||
| 040 |
_aGCL / _cGCL |
||
| 082 | 0 | 4 |
_aد _b050 |
| 100 | 1 | _aمحمود فوزى | |
| 245 | 1 | 0 |
_aعيون نقدية (اقرا 543 ) / _cمحمود فوزى |
| 300 | _a155 | ||
| 490 |
_aاقرأ _v0 |
||
| 650 | 0 | 4 | _aالادب العربى - تاريخ ونقد |
| 650 | 0 | 4 | _aالادب الفرنسى - تاريخ ونقد |
| 942 |
_2ddc _cBK |
||
| 999 |
_c48752 _d48752 |
||